| 000 | 01173cam a22003137a 4500 | ||
|---|---|---|---|
| 003 | CHAP | ||
| 005 | 20220817044015.0 | ||
| 008 | 050328d2004 mx r 00110 spa d | ||
| 010 | _a89901 | ||
| 011 | _a90873 | ||
| 035 | _a101430 | ||
| 040 | _cCHAP | ||
| 082 | 0 | 4 | _a574.55 B6 |
| 100 | 0 | 0 |
_aBolaños Espinoza, Andrés _e, ed. _913468 |
| 245 | 1 | 0 |
_aResúmenes de tesis profesionales del Departamento de Parasitología Agrícola período de septiembre de 2001 - junio de 2004 _c/ed. por Andrés Bolaños Espinoza |
| 260 |
_aChapingo, Méx. : _bUACH. Departamento de Parasitología Agrícola, _c2004 |
||
| 300 | _a145 p. | ||
| 590 |
_aBATCH-UPD _b10 _c20130110 _lUCH01 _h0427 |
||
| 590 |
_aBATCH-UPD _b10 _c20130410 _lUCH01 _h0102 |
||
| 590 |
_aBATCH-UPD _b10 _c20130914 _lUCH01 _h0648 |
||
| 590 |
_aCONVERSION _b10 _c20130109 _lUCH01 _h1350 |
||
| 650 | 1 | 4 |
_aParasitología _xBibliografía. _985469 |
| 650 | 1 | 4 |
_aTesis _xBibliografía. |
| 901 | _aBK | ||
| 905 | _aMarco A. Mendoza T. | ||
| 942 | _cLIBRO | ||
| 949 |
_a574.55 B6 _bBC _cLIBRO _d33724000954160 _eLIBRO _fc.2 _gDonaciØn _h105267 _i101430 _sb |
||
| 949 |
_a574.55 B6 _bBC _cUACH _d1014301 _eUACH _gDonaciØn _h105266 _i101430 _sb |
||
| 999 |
_c89901 _d89901 |
||